| 000 | 01008nam a2200253Ia 4500 | ||
|---|---|---|---|
| 003 | OSt | ||
| 005 | 20200803182723.0 | ||
| 008 | 191128s1978 uy fr 001 0 spa d | ||
| 040 |
_aCO-JMCR _cCO-JMCR |
||
| 041 | 0 | _aspa | |
| 082 | 0 | 4 |
_a342.8906 / _bP717d _223 |
| 100 | 1 |
_aPrat, Julio A., _eautor _98278 |
|
| 245 | 1 | 0 |
_aDerecho administrativo : _bla responsabilidad del Estado / _cJulio A. Prat |
| 260 |
_aMontevideo : _bAcali, _c1978 |
||
| 300 |
_a113 páginas ; _c23 cm. |
||
| 500 | _aIncluye índice de abreviaturas. | ||
| 504 | _aBibliografía: páginas 109-111 | ||
| 505 | 0 | _aConsideraciones generales sobre la teoría de la responsabilidad en derecho administrativo -- La responsabilidad del Estado por acto o hecho administrativo -- La responsabilidad del Estado por acto legislativo | |
| 650 | 1 | 4 |
_aDerecho administrativo _98279 |
| 650 | 1 | 4 |
_aEstado de derecho _92005 |
| 650 | 2 | 4 |
_aFuncionarios públicos _xactos administrativos _98280 |
| 650 | 2 | 4 |
_aDerecho comparado _92139 |
| 942 |
_2ddc _cBK |
||
| 999 |
_c4358 _d4358 |
||